| 000 | 00492nam a22001697a 4500 | ||
|---|---|---|---|
| 003 | MACL | ||
| 005 | 20160128175750.0 | ||
| 008 | 160128b xxu||||| |||| 00| 0 eng d | ||
| 040 | _cMACL | ||
| 041 | _aHindi | ||
| 082 | _a900/GUP | ||
| 100 |
_aगुप्त डॉ. मानिक लाल _935168 |
||
| 245 | _aइतिहास | ||
| 260 |
_aआगरा _bसाहित्य भवन पब्लिकेशन्स |
||
| 650 |
_aHistory _935170 |
||
| 942 |
_2ddc _cHIN |
||
| 999 |
_c52895 _d52895 |
||